[Event "Madrid San Viator op-B 31st"]
[Site "Madrid"]
[Date "2019.10.06"]
[Round "4"]
[White "Merino Araguas, Jose Javier"]
[Black "Lopez Sanz, David"]
[Result "1-0"]
[WhiteElo "1701"]
[BlackElo "1411"]
[PlyCount "83"]
[EventDate "2019.09.08"]
[EventType "swiss"]
[EventRounds "9"]
[EventCountry "ESP"]
[SourceTitle "EXT 2022"]
[Source "ChessBase"]
[SourceDate "2021.10.06"]
[SourceVersion "1"]
[SourceVersionDate "2021.10.06"]
[SourceQuality "1"]

1. d4 Nf6 2. c4 c5 3. d5 e5 4. Nc3 d6 5. e4 Be7 6. g3 0-0 7. Bg2 Ne8 8. Nge2 g6 9. Bh6 Ng7 10. Qd2 f5 11. 0-0 Nd7 12. f4 exf4 13. exf5 fxg3 14. Nxg3 Ne5 15. fxg6 hxg6 16. Rxf8+ Qxf8 17. Rf1 Qd8 18. b3 Nf5 19. Nxf5 Bxf5 20. Ne4 Kh7 21. Ng3 Bd7 22. Be4 Bh3 23. Rf2 Qg8 24. Bg5 Rf8 25. Bxe7 Re8 26. Qg5 Qg7 27. Bf6 Qh6 28. Qxh6+ Kxh6 29. Rf4 Ng4 30. Bd3 Kh7 31. Bc3 Re3 32. Be2 g5 33. Rf7+ Kg8 34. Rg7+ Kf8 35. Rxg5 Ne5 36. Bxe5 dxe5 37. Kf2 Rc3 38. Rxe5 Rc2 39. d6 Rd2 40. Rd5 Rxa2 41. d7 Bxd7 42. Rxd7 1-0

[Event "San Sebastian de los Reyes op 20th"]
[Site "San Sebastian"]
[Date "2018.12.04"]
[Round "4"]
[White "Bellod, Thomas Gonzalo"]
[Black "Lopez Sanz, David"]
[Result "1/2-1/2"]
[WhiteElo "1633"]
[BlackElo "1395"]
[PlyCount "78"]
[EventDate "2018.12.01"]
[EventType "swiss"]
[EventRounds "9"]
[EventCountry "ESP"]
[SourceTitle "CBM 187 Extra"]
[Source "ChessBase"]
[SourceDate "2018.11.04"]
[SourceVersion "1"]
[SourceVersionDate "2018.11.04"]
[SourceQuality "1"]

1. d4 Nf6 2. Nf3 g6 3. c4 Bg7 4. Nc3 0-0 5. e3 c5 6. Be2 d6 7. 0-0 Nbd7 8. b3 Nb6 9. Bb2 Bf5 10. Nh4 Bd7 11. Rc1 Rc8 12. Nf3 d5 13. dxc5 Rxc5 14. Ba3 Rc8 15. c5 Na8 16. Nxd5 Nxd5 17. Qxd5 Bc6 18. Qxd8 Rfxd8 19. Rfd1 Nc7 20. Nd4 Bxd4 21. exd4 e6 22. Bb2 Nd5 23. g3 f5 24. a3 h5 25. b4 a6 26. Re1 h4 27. Bc4 Kf7 28. Rc2 hxg3 29. fxg3 Rh8 30. Rce2 Rce8 31. Bb3 Re7 32. Bc4 Rhe8 33. Kf1 Rh8 34. Kg1 Rhe8 35. Rb1 Ra8 36. Ba1 Ra7 37. Rbe1 Ra8 38. Bb2 Rae8 39. Rc1 Rc8 1/2-1/2